Tipitapa: estudio de los elementos que inciden en su desarrollo urbana y periférica
Se pretende Implementar el desarrollo del municipio como foco convergente entre la zona norte y atlántico del país con la zona del Pacífico por medio de sus recursos físicos y socioeconómicos. Analizar los proyectos y programas para el municipio, y ver su incidencia en el desarrollo del mismo....
| Main Author: | |
|---|---|
| Other Authors: | |
| Format: | Tesis Section = Libro |
| Language: | Undetermined Spanish |
| Published: |
Managua
Universidad Nacional Autónoma de Nicaragua (UNAN)
[s.f.]
|
| Subjects: |
| LEADER | 01372nam a2200205Ia 4500 | ||
|---|---|---|---|
| 008 | 240830s9999 xx 000 0 und d | ||
| 040 | |a BIBLIOTECA-RUSB/ Mon 711.4 T595 | ||
| 041 | |a spa | ||
| 082 | |a Mon 711.4 T595 | ||
| 100 | 1 | |a Fernando, Morales. | |
| 245 | 1 | 0 | |a Tipitapa: estudio de los elementos que inciden en su desarrollo urbana y periférica |
| 260 | |a Managua |b Universidad Nacional Autónoma de Nicaragua (UNAN) |c [s.f.] | ||
| 300 | |a p. irreg. :il. | ||
| 502 | |a Tesis (Arquitecto) - Universidad Nacional Autónoma de Nicaragua (UNAN), [s.f] . | ||
| 520 | 3 | |a Se pretende Implementar el desarrollo del municipio como foco convergente entre la zona norte y atlántico del país con la zona del Pacífico por medio de sus recursos físicos y socioeconómicos. Analizar los proyectos y programas para el municipio, y ver su incidencia en el desarrollo del mismo. Detectar el futuro crecimiento urbano de la ciudad inducido por las vías existentes, usos de suelo actual e inducido, detectar los efectos del crecimiento industrial del Municipio, tanto directa como indirectamente y aprovechar los recursos del sector rural para su desarrollo, detectando su interrelación con la cabecera municipal. | |
| 650 | 7 | |a CIUDADES (PLANES Y PLANIFICACION LOCALES) | |
| 700 | 1 | |a Tutor: |b Guillén Sandino, Carlos | |
| 942 | |c BK |2 ddc | ||
| 991 | |a TESIS | ||
| 999 | |c 20967 | ||